Fr. Conceicao Rodrigues College of Engineering

Human Resource Management (Record no. 34559)

MARC details
000 -LEADER
fixed length control field 00307nam a2200157Ia 4500
082 ## - DEWEY DECIMAL CLASSIFICATION NUMBER
Item number ASW
100 ## - MAIN ENTRY--PERSONAL NAME
Personal name Aswathappa/K
250 ## - EDITION STATEMENT
Edition statement 8
245 ## - TITLE STATEMENT
Title Human Resource Management
260 ## - PUBLICATION, DISTRIBUTION, ETC.
Name of publisher, distributor, etc. McGraw Hill
Date of publication, distribution, etc. 2017
300 ## - PHYSICAL DESCRIPTION
Extent 858
546 ## - LANGUAGE NOTE
Language note ENGLISH
650 ## - SUBJECT ADDED ENTRY--TOPICAL TERM
Topical term or geographic name entry element Management
942 ## - ADDED ENTRY ELEMENTS (KOHA)
Koha item type BOOK
Holdings
Withdrawn status Lost status Damaged status Not for loan Collection Home library Current library Date acquired Source of acquisition Inventory number Total Checkouts Full call number Barcode Date last seen Price effective from Koha item type
        CRC Fr. Agnel's C.Rodrigues College of Engineering Fr. Agnel's C.Rodrigues College of Engineering 17/03/2023 Readers World 29 dt 22.04.2019   ASW 25639 17/03/2023   BOOK